| 000 | 00664nam a2200205 u 4500 | ||
|---|---|---|---|
| 005 | 20210223133618.0 | ||
| 008 | 180626s2002 r 000 0 eng d | ||
| 020 | _a0801870593 | ||
| 035 | _aUPN01000225752 | ||
| 049 | _aC | ||
| 050 | 4 |
_aHD9651.9 D8 _bK5.2 |
|
| 100 | 1 |
_aKinnane, Adrian, _d1948- _941866 |
|
| 245 | 1 | 0 |
_aDupont : _bfrom the banks of the brandywine to miracles of science / _cAdrian Kinnane. |
| 260 |
_aU.S.A : _bDu Pont, _c2002. |
||
| 300 |
_a268 p. : _bil. col. |
||
| 610 | 2 | 4 |
_aE. I. DU PONT DE NEMOURS AND COMPANY - _xHISTORIA _926848 |
| 650 | 4 |
_aINDUSTRIA QUIMICA - _zESTADOS UNIDOS - _xHISTORIA _926849 |
|
| 905 | _aLibro | ||
| 999 |
_c197848 _d197848 |
||